000
00289nam a2200121Ia 4500
008
241002s9999 xx 000 0 und d
082
_a
599.88 KOH
100
_a
Kohler, Wifgang
245
4
_a
The Mentality of A Pes
260
_a
New York:
_c
1956
600
_a
Natural Science
942
_c
UC
999
_c
18729
_d
18729